| 000 | 01043nam a2200253 a 4500 | ||
|---|---|---|---|
| 001 | 82135 | ||
| 003 | BD-RjUL | ||
| 005 | 20231017095935.0 | ||
| 008 | 231017s2020 bg a|||| m||| 00| 0 eng d | ||
| 035 | _a(BD-RjUL)82135 | ||
| 040 |
_aBD-RjUL _beng _cBD-RjUL _dBD-RjUL |
||
| 041 | _aeng | ||
| 082 |
_223 _a572.69 _bCHB 2020 |
||
| 100 |
_aChhabi, Samama Begum _99601 |
||
| 245 | 1 | 0 |
_aBioactive Potentials of Some Toxic Plants of Bangladesh / _cBy Samama Begum Chhabi ; _6Supervisor : Md. Nurul Islam, Co-Supervisor : Shahriar Zaman |
| 260 |
_aRajshahi : _bDepartment of Genetic Engineering and Biotechnology, University of Rajshahi, _c2020 |
||
| 300 |
_axii, 142, xcvii, Leaves : _bill, ; _c29 cm. |
||
| 502 | _aThesis (Ph. D.) -- Department of Genetic Engineering and Biotechnology, University of Rajshahi, 2020 | ||
| 504 | _aReferences : Leaves 120-142 | ||
| 650 |
_aPlants _vBioactive Potentials _xBiochemistry _99602 |
||
| 700 |
_aIslam, Md. Nurul, Supervisor _91185 |
||
| 700 |
_aZaman, Shahriar, Co-Supervisor _99603 |
||
| 942 |
_2ddc _cTHE |
||
| 999 |
_c82135 _d82135 |
||